| 000 | 01396nam a2200229Ii 4500 | ||
|---|---|---|---|
| 003 | JO-AjNU | ||
| 005 | 20240623131359.0 | ||
| 008 | 230605s9999||||xx |||||||||||||| ||und|| | ||
| 040 |
_aJO-AjNU _bara _erda _cJO-AjNU |
||
| 041 | _aara | ||
| 100 | 1 |
_aالقضاة، حمزة احمد علي _965022 _eمعد |
|
| 245 |
_aمدى تأثير عناصر الحاكمية المؤسسية على قرارات المستثمرين المؤسسين والأفراد في بورصة عمان دراسة ميدانية = The Extent of the Impact of Elements of Corporate Governance on the Institutional
and Individual Investors in Amman Stock Exchange (field study / _cاعداد حمزة احمد علي القضاة ؛ اشراف تركي الحمود |
||
| 260 | _c2011 | ||
| 300 | _a99 ورقة | ||
| 336 |
_atext _btxt _2rdacontent |
||
| 337 |
_aunmediated _bn _2rdamedia |
||
| 338 |
_avolume _bnc _2rdacarrier |
||
| 504 | _aرسالة جامعية (ماجستير).- جامعة اليرموك (إربد، الأردن)، كلية الإقتصاد والعلوم الإدارية ؛ قسم المحاسبة، 2011 ببليوجرافيا : ص. 76-81. تتضمن ملخصا باللغتين العربية والإنجليزية. | ||
| 650 | 7 | 0 |
_aبورصة عمان - استثمار - سوق عمان المالي _965023 |
| 700 | 1 |
_aالحمود، تركي _964672 _eمشرف |
|
| 942 |
_2lcc _cTHS |
||
| 999 |
_c33011 _d33011 |
||